10 najbardziej religijnych stanów USA - Statystyki

Ogólne statystyki
  • Ten quiz został rozwiązany 139 razy
  • Średni wynik to 4 z 10
Statystyki odpowiedzi
% Stan % Poprawnych
86 Teksas
88%
90 Alabama
64%
89 Missisipi
45%
90 Luizjana
44%
86 Arkansas
34%
87 Oklahoma
31%
89 Tennessee
31%
86 Kentucky
27%
85 Karolina Południowa
26%
86 Wirginia Zachodnia
18%
Nie znaleziono quizów pasujących do podanych kryteriów
Rozkład punktacji
Procent ludzi z każdym wynikiem
Percentyl według liczby udzielonych odpowiedzi
Twoja historia wyników
Nie rozwiązałeś tego quizu